Statistics for violin fingerings

Click here to take the quiz!

General Stats

  • This quiz has been taken 80 times
  • The average score is 10 of 13

Answer Stats

HintAnswerAnswer 2% Correct
C33
99%
B(Cb)23 back
97%
F#(Gb)23 back
97%
A11
96%
E12 back
96%
G00
81%
D04
81%
G#(Ab)1 back1 back
54%
D#(Eb)1 back4 forward
54%
Bb2 back2 back
54%
F2 back1 forward
54%
Gb(F#)3 back2
51%
C#(Db)4 back3 forward
51%

Score Distribution

Percentile by Number Answered

Percent of People with Each Score

Your Score History

You have not taken this quiz